Every Breath You Take - The Police (All Lyrics) - Statistics

General Stats
  • This quiz has been taken 112 times
  • The average score is 298 of 364
Answer Stats
Answer % Correct
be
100%
Every
100%
every
100%
(Every
100%
I
100%
you
100%
You
100%
breath
99%
I’ll
99%
watching
99%
a
98%
make
98%
make)
98%
take
98%
take)
98%
move
96%
And
94%
and
94%
me?
87%
can
84%
see
84%
step
84%
to
83%
can’t
82%
belong
81%
Oh,
77%
Oh
77%
break
76%
break)
76%
day
73%
day)
73%
single
72%
heart
67%
With
67%
your
67%
my
66%
fake
63%
fake)
63%
smile
63%
say
60%
say)
60%
face
59%
night
58%
night,
58%
aches
55%
gone,
55%
lost
55%
Since
55%
word
54%
you’ve
54%
baby,
53%
bond
53%
poor
53%
please
52%
I’ve
51%
without
51%
vow
49%
been
48%
for
48%
How
47%
look
46%
only
46%
trace
46%
at
45%
stay
45%
stay)
45%
around,
43%
it’s
43%
play
43%
play)
43%
game
42%
so
42%
dream
41%
keep
40%
replace
40%
stake
40%
stake)
40%
but
39%
claim
39%
embrace
36%
crying,
33%
long
33%
cold,
30%
feel
29%
ooh
12%
Ooh-ooh,
12%
ooh-ooh,
12%
ooh-ooh
12%
No matching quizzes found
Score Distribution
Percent of People with Each Score
Percentile by Number Answered
Your Score History
You have not taken this quiz